• 首页
  • 本馆介绍
  • 公告通知
  • 最新文献
  • 馆藏检索
  • 电子资源
  • 读者导购
  • 参考咨询
  • 我的图书馆
  • 登录
  • 详细信息显示
  • 放入我的书架
  • 预约/预借图书
  • 作者相关作品
  • 分类相关作品
  • 丛书相关作品
  • 出版社相关作品

书目信息

  • 表格格式
  • 工作单格式
  • 卡片格式
题名:
中东战争
    
 
作者: 上海《国际问题资料》编辑组等编译
分册: 上册  
出版信息: 上海   上海译文出版社  1979
页数: 416页
开本: 19cm
丛书名:
单 册:
中图分类: K370.05 , E19
科图分类:
主题词: 中东战争 , 军事--世界
电子资源:
ISBN:
000 00623nam0 2200253 45
001 0179003833
005 20040331161031.1
010    @dCNY1.10
091    @a5188.4
100    @a19950725d1979 em y0chiy0121 ea
101 0  @achi
102    @aCN@b310000
105    @ay z 000yy
106    @ar
200 10 @a中东战争@Azhong dong zhan zheng@h上册@f上海《国际问题资料》编辑组等编译
210    @a上海@c上海译文出版社@d1979
215    @a416页@d19cm
300    @a内部发行
606    @a中东战争
606 0  @a军事@x世界
690    @aK370.05@v3
690    @aE19
801  0 @aCN@bNLC@c20040331
905    @f1@b26793@dE19@e1
    
    中东战争.上册/上海《国际问题资料》编辑组等编译.-上海:上海译文出版社,1979
    416页;19cm
    内部发行
    
    ISBN :CNY1.10
    
●
相关链接 在E读中查询图书 在五车中查询图书 在当当中查询图书 在豆瓣中查询图书


正题名:中东战争     索取号:E19/1         预约/预借

序号 登录号 条形码 馆藏地/架位号 状态 备注
1 0026793   001925812   密集书库/ [索取号:E19/1] 在馆    
唐山师范学院图书馆 欢迎您!
大连网信软件有限公司© 版权所有